|
|
|
|
| LEADER |
00000nab a2200000 a 4500 |
| 001 |
vtls000887078 |
| 003 |
SK-MaSNL |
| 005 |
20260305044428.0 |
| 008 |
161006c2003 xo 0 slo |
| 015 |
|
|
|a SNBRB2004/10-29041
|
| 035 |
|
|
|a CLN000238513
|
| 040 |
|
|
|a SNKBUCL
|b slo
|c SNKBUCL
|e AACR2
|
| 041 |
0 |
|
|a slo
|
| 044 |
|
|
|a xo
|c SK
|
| 080 |
|
|
|a 551.577.38(437.6)
|2 1997
|
| 080 |
|
|
|a 632.112(437.6)
|2 1997
|
| 080 |
|
|
|a 631.432(437.6)
|2 1997
|
| 100 |
1 |
|
|a Klementová, Eva,
|d 1946-
|4 aut
|9 26324
|
| 245 |
1 |
0 |
|a Detekcia výskytu sucha v Hurbanove
|c Eva klementová, Tomáš Litschmann
|
| 300 |
|
|
|b Obr.
|
| 504 |
|
|
|a Bibliogr. odkazy
|
| 504 |
|
|
|a Res. angl., slov.
|
| 650 |
0 |
7 |
|a index závažnosti sucha Palmerov
|2 snkbucl
|9 1627690
|
| 650 |
0 |
7 |
|a sucho
|2 snkbucl
|9 18792
|
| 651 |
|
7 |
|a Komárno (Slovensko : okres)
|2 snkbucl
|9 15954
|
| 651 |
|
7 |
|a Hurbanovo (Slovensko)
|2 snkbucl
|9 20246
|
| 655 |
|
7 |
|a články z novín a časopisov
|2 snkbucl
|9 267496
|
| 700 |
1 |
|
|a Litschmann, Tomáš
|4 aut
|9 10793
|
| 711 |
2 |
|
|a Enviro
|d (2002 :
|c Nitra, Slovensko)
|4 aut
|9 238537
|
| 773 |
0 |
|
|x 1335-2563
|t Acta horticulturae et regiotecturae
|g Roč. 6, Mimoriadne číslo (2003), s. 31-33
|
| 850 |
|
|
|a Slovenská národná knižnica v Martine
|
| 852 |
|
|
|a SNK
|b KIS3GCP
|
| 958 |
|
|
|a NB
|
| 958 |
|
|
|a SK
|
| 958 |
|
|
|a RBX
|
| 999 |
|
|
|c 3358613
|d 3360543
|